Formula One: Drivers with Most Laps Led - Statistics

General Stats
  • This quiz has been taken 160 times
  • The average score is 25 of 30
Answer Stats
Laps led Driver Nationality % Correct
5442 Lewis Hamilton United Kingdom
100%
5111 Michael Schumacher Germany
100%
3501 Sebastian Vettel Germany
100%
2931 Ayrton Senna Brazil
99%
1770 Fernando Alonso Spain
99%
1855 Max Verstappen Netherlands
99%
1305 Kimi Räikkönen Finland
98%
2683 Alain Prost France
97%
1593 Niki Lauda Austria
93%
1488 Mika Häkkinen Finland
92%
1533 Nico Rosberg Germany
87%
728 Valtteri Bottas Finland
87%
1600 Nelson Piquet Brazil
86%
1347 Juan Manuel Fangio Argentina
85%
762 Jenson Button United Kingdom
84%
1358 Damon Hill United Kingdom
82%
1103 Graham Hill United Kingdom
82%
936 Felipe Massa Brazil
81%
2091 Nigel Mansell United Kingdom
80%
1919 Jackie Stewart United Kingdom
78%
825 Jack Brabham Australia
74%
1943 Jim Clark United Kingdom
74%
675 Jody Scheckter South Africa
74%
798 Mario Andretti United States
74%
929 Alberto Ascari Italy
73%
854 Rubens Barrichello Brazil
73%
748 Gerhard Berger Austria
62%
897 David Coulthard United Kingdom
60%
1181 Stirling Moss United Kingdom
57%
707 Ronnie Peterson Sweden
52%
No matching quizzes found
Score Distribution
Percent of People with Each Score
Percentile by Number Answered
Your Score History
You have not taken this quiz